000 00396nam a2200145Ia 4500
008 231129s2008||||xx |||||||||||||| ||spa||
020 _a978-84-270-3471-6
040 _bspa
082 _a863 R934p
100 _aRuiz Montañez Miguel
245 0 _aEl papa mago
260 _c2008
264 _aMadrid España : Ediciones Martí­nez Roca
942 _2ddc
_cBKS
999 _c11991
_d11991